[Event "Championnat de France Poussins"]
[Site "CALVI"]
[Date "????.??.??"]
[Round "5.3"]
[White "Bigonnet, Jean-Michel"]
[Black "Giroyan, Gary"]
[Result "0-1"]
[WhiteElo "1520"]
[BlackElo "1730"]
[PlyCount "58"]
[EventDate "2005.??.??"]
[SourceDate "2005.04.17"]

1. e4 c5 2. Nf3 d6 3. d4 cxd4 4. Nxd4 Nf6 5. Nc3 a6 6. Bg5 e6 7. f4 Be7 8. Qf3
Nbd7 9. O-O-O Qc7 10. Bd3 b5 11. Rhe1 Bb7 12. g4 Rc8 13. Bxf6 Nxf6 14. g5 Nd7
15. Qe3 b4 16. Nce2 Nc5 17. h4 Nxd3+ 18. Qxd3 Qc5 19. Kb1 Qb6 20. Ng3 g6 21.
Re2 a5 22. Red2 Ba6 23. Qf3 a4 24. Rc1 Qa5 25. Nge2 b3 26. Nc3 bxa2+ 27. Kxa2
Bc4+ 28. Kb1 a3 29. b3 Ba6 {Diagramme #} 0-1

[Event "Championnat de France Poussins"]
[Site "CALVI"]
[Date "????.??.??"]
[Round "5.4"]
[White "Gros, Alexandre"]
[Black "Gigot, Balthazar"]
[Result "1-0"]
[WhiteElo "1680"]
[BlackElo "1520"]
[PlyCount "57"]
[EventDate "2005.??.??"]
[SourceDate "2005.04.17"]

1. e4 e5 2. Nf3 Nc6 3. c3 d6 4. d4 exd4 5. cxd4 Nf6 6. Nc3 Be7 7. Bb5 O-O 8.
O-O Bg4 9. Bxc6 bxc6 10. h3 Bh5 11. Qd3 Bg6 12. Qe2 d5 13. e5 Ne4 14. Bf4 Qd7
15. Rac1 Rac8 16. a3 f6 17. exf6 Rxf6 18. Ne5 Qf5 19. Nxg6 Rxg6 20. Nxe4 dxe4
21. Bg3 Rd8 22. Qc4+ Kh8 23. Rfd1 h5 24. h4 Rf6 25. Qe2 c5 26. dxc5 Rxd1+ 27.
Qxd1 Bxc5 28. Qe2 Bd6 29. Bxd6 {manque la fin} 1-0

[Event "Championnat de France Poussins"]
[Site "CALVI"]
[Date "????.??.??"]
[Round "5.5"]
[White "Anres, Pierre"]
[Black "Barbaras, Mathieu"]
[Result "0-1"]
[WhiteElo "1450"]
[BlackElo "1670"]
[PlyCount "132"]
[EventDate "2005.??.??"]
[SourceDate "2005.04.17"]

1. e4 d6 2. d4 Nf6 3. Nc3 g6 4. Nf3 Bg7 5. Be3 Nc6 6. Qd2 Ng4 7. Bf4 e5 8. Bg5
f6 9. Bh4 exd4 10. Nxd4 Nge5 11. Nxc6 Nxc6 12. O-O-O h5 13. Qd5 g5 14. Bc4 Qe7
15. Bb5 Bd7 16. Bg3 h4 17. Bxd6 cxd6 18. Qxd6 Qxd6 19. Rxd6 a6 20. Bxc6 Bxc6
21. Rhd1 O-O 22. Nd5 Bxd5 23. R1xd5 Rfe8 24. f3 Kf8 25. Kd2 Rac8 26. c3 Rc6 27.
Rd7 Rb6 28. b4 Re7 29. Rd8+ Kf7 30. a4 Ree6 31. a5 Rbc6 32. Kd3 Rc7 33. c4 b6
34. R8d7+ Rxd7 35. Rxd7+ Kg6 36. Kd4 Bf8 37. Kd5 Re5+ 38. Kd4 bxa5 39. bxa5
Rxa5 40. Ra7 Bc5+ 41. Kc3 Bxa7 42. Kb4 Ra2 43. g3 Rxh2 44. gxh4 Rxh4 45. Ka5
Rh3 46. Kxa6 Bd4 47. Kb5 Rxf3 48. Kc6 Rf4 49. Kd5 Bg1 50. e5 fxe5 51. Kxe5 Rxc4
52. Kd5 g4 53. Kxc4 g3 54. Kd3 Kh5 55. Ke2 Kh4 56. Kf1 Ba7 57. Kg2 Kg4 58. Kh1
Kf4 59. Kg2 Bb6 60. Kh1 Bc7 61. Kg2 Ke3 62. Kg1 Kf3 63. Kh1 g2+ 64. Kg1 Bb6+
65. Kh2 g1=Q+ 66. Kh3 Qg3# 0-1

[Event "Championnat de France Poussins"]
[Site "CALVI"]
[Date "????.??.??"]
[Round "6.1"]
[White "Neri, Jean-Baptiste"]
[Black "Moussard, Jules"]
[Result "0-1"]
[WhiteElo "1560"]
[BlackElo "2030"]
[PlyCount "48"]
[EventDate "2005.??.??"]
[SourceDate "2005.04.17"]

1. e4 c5 2. Nf3 d6 3. d4 cxd4 4. Nxd4 Nf6 5. Nc3 g6 6. Bc4 Bg7 7. O-O O-O 8.
Bg5 Nc6 9. Nxc6 bxc6 10. Re1 Rb8 11. Bb3 Qa5 12. Qd2 Rd8 13. Rad1 Ba6 14. Bh6
e6 15. Bxg7 Kxg7 16. Qf4 d5 17. e5 Nd7 18. Re3 Rb4 19. Qg5 h6 20. Qe7 d4 21.
Bxe6 Rf8 22. Kh1 dxe3 23. Rxd7 Rf4 24. Bxf7 R8xf7 0-1

[Event "Championnat de France Poussins"]
[Site "CALVI"]
[Date "????.??.??"]
[Round "6.2"]
[White "Cabanes, Kim"]
[Black "Barbaras, Mathieu"]
[Result "1-0"]
[WhiteElo "1830"]
[BlackElo "1670"]
[PlyCount "121"]
[EventDate "2005.??.??"]
[SourceDate "2005.04.17"]

1. e4 d6 2. d4 Nf6 3. Nc3 g6 4. Bg5 Nc6 5. Bb5 Bd7 6. Qd2 a6 7. Ba4 Bg7 8. h3
e5 9. d5 Nd4 10. Bxd7+ Qxd7 11. a4 c6 12. f3 cxd5 13. Bxf6 Bxf6 14. Nxd5 Qd8
15. Ne2 Nxe2 16. Qxe2 Bg7 17. O-O O-O 18. a5 Rc8 19. c3 Qg5 20. Rad1 Rc5 21. b4
Rc6 22. c4 f5 23. Rb1 fxe4 24. Qxe4 Kh8 25. Rfd1 Rfc8 26. h4 Qg3 27. c5 Rd8 28.
Ne7 Rc7 29. Nd5 Rcd7 30. Nb6 Rc7 31. cxd6 Rc6 32. d7 Qf4 33. Kh1 Qxe4 34. fxe4
Bf8 35. b5 axb5 36. Rxb5 Bd6 37. Rbd5 Bc5 38. Rxe5 Bxb6 39. Re8+ Kg7 40. axb6
Kf7 41. Rxd8 Ke7 42. Rb8 Rd6 43. Rxd6 Kf7 44. d8=R Kg7 45. h5 Kh6 46. Rxb7 Kxh5
47. Rxh7+ Kg5 48. b7 Kf4 49. b8=R Kxe4 50. Rxg6 Kf5 51. Rhh6 Ke5 52. Rf6 Ke4
53. g4 Ke5 54. g5 Ke4 55. g6 Ke5 56. g7 Ke4 57. g8=R {Diagramme #} 57... Ke5
58. Rd1 Ke4 59. Rb2 Ke5 60. Kg2 Ke4 61. Re2# 1-0

[Event "Championnat de France Poussins"]
[Site "CALVI"]
[Date "????.??.??"]
[Round "6.3"]
[White "Giroyan, Gary"]
[Black "Rakotoniaina, Erwin"]
[Result "0-1"]
[WhiteElo "1730"]
[BlackElo "1550"]
[PlyCount "50"]
[EventDate "2005.??.??"]
[SourceDate "2005.04.17"]

1. e4 c5 2. Nf3 e6 3. d4 cxd4 4. Nxd4 a6 5. Nc3 Nf6 6. f3 Nc6 7. Be3 Be7 8. Qd2
b5 9. g4 h6 10. h4 Bb7 11. O-O-O b4 12. Nce2 a5 13. Bg2 Ne5 14. Bf4 Nc4 15. Qd3
Ba6 16. e5 Nxb2 17. Qb3 Nxd1 18. exf6 Bxf6 19. Rxd1 Bxe2 20. Nxe2 Bxh4 21. Bd6
Qb6 22. Qa4 Qe3+ 23. Rd2 Be1 24. Qxd7+ Kxd7 25. Bc5+ Bxd2+ 0-1

[Event "Championnat de France Poussins"]
[Site "CALVI"]
[Date "????.??.??"]
[Round "6.4"]
[White "Bourgeois, Florian"]
[Black "Gros, Alexandre"]
[Result "1-0"]
[WhiteElo "1480"]
[BlackElo "1680"]
[PlyCount "107"]
[EventDate "2005.??.??"]
[SourceDate "2005.04.17"]

1. e4 c5 2. b3 Nf6 3. Nc3 Nc6 4. Bb2 g6 5. Nf3 Bg7 6. d4 cxd4 7. Nxd4 O-O 8.
Nxc6 bxc6 9. Bd3 d6 10. O-O Bb7 11. Qe2 d5 12. Rfe1 Re8 13. Ba3 e6 14. e5 Nd7
15. f4 Qa5 16. Bb2 f5 17. Rad1 a6 18. Na4 c5 19. c4 d4 20. Ba3 Bc6 21. Qd2 Qxd2
22. Rxd2 Bxa4 23. bxa4 Rab8 24. a5 Bh6 25. g3 Bf8 26. Rde2 Rb7 27. Bc2 Reb8 28.
Ba4 Rc7 29. Rc1 Rbc8 30. Rb2 Kf7 31. Rcb1 h6 32. Rb7 Ke8 33. Rxc7 Rxc7 34. Rb6
Ra7 35. Rxe6+ Kf7 36. Bxd7 Rxd7 37. Rxa6 d3 38. e6+ Ke8 39. exd7+ Kxd7 40. Kf2
Bg7 41. Ra7+ Kc6 42. Rxg7 g5 43. fxg5 hxg5 44. Rxg5 d2 45. Ke2 d1=B+ 46. Kxd1
Kb7 47. h4 Ka6 48. h5 Kxa5 49. h6 f4 50. gxf4 Ka4 51. Bxc5 Ka5 52. h7 Ka4 53.
h8=Q Ka5 54. Qa8# 1-0

[Event "Championnat de France Poussins"]
[Site "CALVI"]
[Date "????.??.??"]
[Round "6.5"]
[White "Ton-That, Nicolas"]
[Black "Wurtz, Guillaume"]
[Result "1-0"]
[WhiteElo "1450"]
[BlackElo "1760"]
[PlyCount "153"]
[EventDate "2005.??.??"]
[SourceDate "2005.04.17"]

1. e4 e6 2. d4 d5 3. Nd2 Nf6 4. e5 Nfd7 5. Bd3 c5 6. c3 Nc6 7. Ne2 Be7 8. O-O
O-O 9. Nf3 cxd4 10. cxd4 Qc7 11. Bf4 Qb6 12. Qc2 h6 13. a3 f6 14. exf6 Nxf6 15.
Rfe1 Bd7 16. Rac1 Rac8 17. Qd2 Qa5 18. Ng3 Qxd2 19. Bxd2 Bd6 20. Ne2 e5 21.
Nxe5 Nxe5 22. dxe5 Bxe5 23. Bc3 Bd6 24. Bd2 a6 25. Rxc8 Rxc8 26. Rc1 Rxc1+ 27.
Bxc1 Bb5 28. Bxb5 axb5 29. f3 Kf7 30. h3 Nd7 31. Kf2 Nb6 32. b3 Nd7 33. Nc3 Nc5
34. Kf1 Nxb3 35. Nxb5 Be5 36. Be3 Na5 37. Bd4 Bxd4 38. Nxd4 Nc4 39. Nb5 Ke7 40.
Ke2 Kf6 41. f4 Kf5 42. Kf3 d4 43. Nxd4+ Kf6 44. Nc2 Kf5 45. g4+ Kf6 46. Ke4 g5
47. f5 Na5 48. Nb4 Nc4 49. Nc2 Na5 50. Kd4 Nc6+ 51. Kd5 Nd8 52. Nd4 Nf7 53. Nf3
h5 54. a4 hxg4 55. hxg4 Nh6 56. Ne5 Nxg4 57. Nxg4+ Kxf5 58. Nf2 Kf6 59. Kd6 Kf7
60. Kc7 Kf6 61. Ne4+ Kf5 62. Nxg5 Kxg5 63. Kxb7 Kf5 64. a5 Ke5 65. a6 Kd5 66.
a7 Ke5 67. a8=Q Kd4 68. Qa5 Ke4 69. Qc5 Kd3 70. Qb4 Ke3 71. Kc6 Kd3 72. Kd5 Ke3
73. Qe4+ Kd2 74. Kd4 Kc1 75. Kc3 Kd1 76. Qe5 Kc1 77. Qe1# 1-0

[Event "Championnat de France Poussines"]
[Site "CALVI"]
[Date "????.??.??"]
[Round "5.1"]
[White "Benkhelil, Ryane"]
[Black "Eid, Maha"]
[Result "1/2-1/2"]
[WhiteElo "1590"]
[BlackElo "1640"]
[PlyCount "27"]
[EventDate "2005.??.??"]
[SourceDate "2005.04.17"]

1. e4 c5 2. b3 Nc6 3. Bb2 d6 4. f4 d5 5. Nc3 e6 6. Bb5 a6 7. Bxc6+ bxc6 8. Nf3
Nf6 9. e5 Ng8 10. d3 Be7 11. Qd2 Nh6 12. O-O-O O-O 13. Rhg1 f6 14. g4 1/2-1/2

[Event "Championnat de France Poussines"]
[Site "CALVI"]
[Date "????.??.??"]
[Round "5.2"]
[White "Monpeurt, Cyrielle"]
[Black "Rigolot, Lucie"]
[Result "1/2-1/2"]
[WhiteElo "1460"]
[BlackElo "1460"]
[PlyCount "80"]
[EventDate "2005.??.??"]
[SourceDate "2005.04.17"]

1. e4 c5 2. d4 cxd4 3. c3 Nf6 4. e5 Nd5 5. Nf3 Nc6 6. cxd4 e6 7. Bd3 Bb4+ 8.
Bd2 d6 9. O-O Bxd2 10. Nbxd2 O-O 11. Rc1 Ncb4 12. Bc4 a6 13. a3 b5 14. Be2 Na2
15. Ra1 Nac3 16. bxc3 Nxc3 17. Qe1 Nd5 18. Rc1 Bb7 19. Bd3 Nf4 20. Qe3 dxe5 21.
g3 Nd5 22. Qxe5 Nf6 23. Ng5 h6 24. Nge4 Nd7 25. Qh5 Rc8 26. Nd6 Rxc1 27. Rxc1
Qb8 28. Nxb7 Qxb7 29. Ne4 Rc8 30. Rxc8+ Qxc8 31. Nd6 Qf8 32. Ne4 Qxa3 33. Bf1
Qb4 34. Qg4 Qxd4 35. Qf3 Ne5 36. Qf4 Ng6 37. Qf3 Ne5 38. Qf4 Ng6 39. Qf3 Ne5
40. Qe2 f5 1/2-1/2

[Event "Championnat de France Poussines"]
[Site "CALVI"]
[Date "????.??.??"]
[Round "5.3"]
[White "Aflalo, Sophie"]
[Black "Marinigh, Lisa"]
[Result "1-0"]
[WhiteElo "1790"]
[BlackElo "1360"]
[PlyCount "49"]
[EventDate "2005.??.??"]
[SourceDate "2005.04.17"]

1. e4 c5 2. Nf3 Nc6 3. d4 cxd4 4. Nxd4 g6 5. Bc4 Bg7 6. Be3 Nf6 7. Nc3 O-O 8.
f3 Qb6 9. Qd2 Nxe4 10. Nxe4 Nxd4 11. c3 Nc2+ 12. Qxc2 Qxe3+ 13. Be2 d5 14. Nd2
Bf5 15. Qd1 Rfd8 16. Rc1 d4 17. Nc4 Qe6 18. O-O d3 19. Qb3 dxe2 20. Rfe1 Bh6
21. Ra1 Be3+ 22. Nxe3 Qxe3+ 23. Kh1 Qd2 24. Qb5 Qd1 25. Qxe2 {manque la fin}
1-0

[Event "Championnat de France Poussines"]
[Site "CALVI"]
[Date "????.??.??"]
[Round "5.4"]
[White "Andre, Severine"]
[Black "Mencacci, Floriane"]
[Result "1-0"]
[WhiteElo "1610"]
[BlackElo "1370"]
[PlyCount "129"]
[EventDate "2005.??.??"]
[SourceDate "2005.04.17"]

1. e4 e5 2. f4 exf4 3. Nf3 d5 4. exd5 Nf6 5. c4 c6 6. dxc6 Nxc6 7. d4 Bd6 8. d5
Ne7 9. Bd3 Bg4 10. O-O O-O 11. Nc3 Bf5 12. Bxf5 Nxf5 13. Qd3 Nh6 14. Ng5 Qc7
15. Nb5 Bc5+ 16. Kh1 Qe5 17. Bxf4 Qxb2 18. Bg3 Nhg4 19. Qc3 Qe2 20. Rfe1 Nf2+
21. Bxf2 Qxf2 22. Qh3 h6 23. Ne4 Nxe4 24. Rxe4 Rfe8 25. Rxe8+ Rxe8 26. Qc3 Re2
27. Qg3 Qxg3 28. hxg3 Re5 29. g4 h5 30. g3 hxg4 31. Rd1 a6 32. Nc3 g5 33. d6
Kf8 34. d7 Bb6 35. d8=Q+ Bxd8 36. Rxd8+ Ke7 37. Rg8 Kf6 38. Nd5+ Kf5 39. Rb8
Ke6 40. Rxb7 f5 41. Rb1 f4 42. gxf4 gxf4 43. Nxf4+ Kf5 44. Rf1 Kg5 45. Nd3 Re3
46. Rd1 g3 47. Kg2 Kg4 48. c5 Re2+ 49. Kf1 Rxa2 50. Rc1 Rh2 51. c6 Rh1+ 52. Kg2
Rh2+ 53. Kg1 Rh8 54. c7 Rc8 55. Kg2 a5 56. Ne5+ Kf5 57. Nd7 Ke6 58. Nb6 a4 59.
Nxc8 a3 60. Nb6 Kf7 61. c8=Q Kf6 62. Re1 a2 63. Qe6+ Kg5 64. Qd5+ Kh4 65. Re4#
1-0

[Event "Championnat de France Poussines"]
[Site "CALVI"]
[Date "????.??.??"]
[Round "5.5"]
[White "Stubbe, Alicia"]
[Black "Griggio, Julie"]
[Result "1-0"]
[WhiteElo "1380"]
[BlackElo "1460"]
[PlyCount "31"]
[EventDate "2005.??.??"]
[SourceDate "2005.04.17"]

1. e4 e6 2. d4 d5 3. e5 c5 4. c3 Nc6 5. Nf3 Qb6 6. Be2 Nh6 7. Bxh6 Qxb2 8. Be3
Qxa1 9. Qc2 c4 10. O-O Be7 11. Nbd2 Qxf1+ 12. Kxf1 O-O 13. Bg5 Bd7 14. Bxe7
Nxe7 15. Ng5 h6 16. Qh7# 1-0

[Event "Championnat de France Poussines"]
[Site "CALVI"]
[Date "????.??.??"]
[Round "6.1"]
[White "Rigolot, Lucie"]
[Black "Benkhelil, Ryane"]
[Result "1/2-1/2"]
[WhiteElo "1460"]
[BlackElo "1590"]
[PlyCount "82"]
[EventDate "2005.??.??"]
[SourceDate "2005.04.17"]

1. e4 e6 2. d4 d5 3. Nd2 c5 4. exd5 exd5 5. Ndf3 Nc6 6. Bb5 Bg4 7. Be3 Qb6 8.
a4 Bd6 9. dxc5 Bxc5 10. Qxd5 Bxe3 11. Qe4+ Nge7 12. fxe3 Bd7 13. Ne5 Nxe5 14.
Qxe5 Bxb5 15. Qxb5+ Qc6 16. Qxc6+ Nxc6 17. Nf3 O-O 18. O-O Rfe8 19. Ng5 f6 20.
Nf3 Rxe3 21. Rfd1 Re2 22. Rac1 Nb4 23. Rd7 Nxc2 24. Rxb7 Ne3 25. Re1 Rxe1+ 26.
Nxe1 h6 27. Nf3 Kh7 28. Kf2 Nc4 29. Nd4 Nd6 30. Rd7 Ne4+ 31. Ke3 Nc5 32. Re7
Nxa4 33. Rb7 Nc5 34. Re7 a5 35. Nf5 Rg8 36. Ra7 a4 37. Kd4 Nb3+ 38. Kc4 Nd2+
39. Kb4 Rb8+ 40. Kxa4 Kg6 41. Nh4+ Kh5 1/2-1/2

[Event "Championnat de France Poussines"]
[Site "CALVI"]
[Date "????.??.??"]
[Round "6.2"]
[White "Eid, Maha"]
[Black "Andre, Severine"]
[Result "1/2-1/2"]
[WhiteElo "1640"]
[BlackElo "1610"]
[PlyCount "73"]
[EventDate "2005.??.??"]
[SourceDate "2005.04.17"]

1. d4 Nf6 2. Nc3 g6 3. e4 Bg7 4. Bg5 O-O 5. Nf3 d6 6. e5 Nh5 7. exd6 cxd6 8.
Bc4 Qc7 9. Bb3 e5 10. Nd5 Qa5+ 11. c3 Nc6 12. dxe5 dxe5 13. O-O Be6 14. Ne7+
Nxe7 15. Bxe7 Rfe8 16. Bb4 Qc7 17. Ng5 Bxb3 18. Qxb3 Rad8 19. Rfd1 h6 20. Ne4
Nf4 21. Bd6 Qc6 22. Qb4 {Diagramme #} 22... a5 $1 23. Qc5 Qxe4 24. f3 Qe2 25.
Qf2 Qxf2+ 26. Kxf2 f5 27. Bc7 Rxd1 28. Rxd1 e4 $4 29. Bxf4 g5 30. Bc7 e3+ 31.
Ke2 a4 32. Rd3 f4 33. g3 Rf8 34. gxf4 gxf4 35. Rd6 Rf5 36. Rg6 h5 37. Bd8
1/2-1/2

[Event "Championnat de France Poussines"]
[Site "CALVI"]
[Date "????.??.??"]
[Round "6.3"]
[White "Fischer, Julie"]
[Black "Aflalo, Sophie"]
[Result "0-1"]
[WhiteElo "1390"]
[BlackElo "1790"]
[PlyCount "48"]
[EventDate "2005.??.??"]
[SourceDate "2005.04.17"]

1. c4 e5 2. g3 g6 3. Bg2 Bg7 4. Nc3 d6 5. e3 Nc6 6. Nge2 f5 7. O-O Nf6 8. b3
O-O 9. Bb2 Nh5 10. Nd5 Ne7 11. d4 Nxd5 12. Bxd5+ Kh8 13. e4 c6 14. exf5 cxd5
15. fxg6 hxg6 16. dxe5 Bh3 17. Re1 dxe5 18. cxd5 Qb6 19. Nd4 exd4 20. g4 Qf6
21. Re2 Qf3 22. Qf1 Qxg4+ 23. Kh1 Bxf1 24. Rd2 Qg2# 0-1

[Event "Championnat de France Poussines"]
[Site "CALVI"]
[Date "????.??.??"]
[Round "6.4"]
[White "Stubbe, Alicia"]
[Black "Feller, Alice"]
[Result "1-0"]
[WhiteElo "1380"]
[BlackElo "1440"]
[PlyCount "54"]
[EventDate "2005.??.??"]
[SourceDate "2005.04.17"]

1. e4 d6 2. d4 Nd7 3. Nf3 g6 4. e5 Bg7 5. Bf4 Nh6 6. h3 d5 7. Nc3 c6 8. Bd3 b5
9. a3 a5 10. g4 Bb7 11. g5 Ng8 12. h4 h5 13. b4 a4 14. Qe2 e6 15. O-O Ne7 16.
Qe3 O-O 17. Ne2 Nb6 18. c3 Qc7 19. Bc2 Nc4 20. Qd3 Nb2 21. Qd2 Nc4 22. Qd1 Nb2
23. Qd2 Nc4 24. Qd3 Nb2 25. Qe3 Nc4 26. Qd3 Nb2 27. Qe3 Nc4 {et ainsi de suite
pendant une cinquante de coups jusqu'a ce que les blancs se decident a mater
au 96eme coup} 1-0

[Event "Championnat de France Poussines"]
[Site "CALVI"]
[Date "????.??.??"]
[Round "6.5"]
[White "Navez, Flore"]
[Black "Ferrer, Lauriane"]
[Result "1-0"]
[WhiteElo "1350"]
[BlackElo "1350"]
[PlyCount "97"]
[EventDate "2005.??.??"]
[SourceDate "2005.04.17"]

1. d4 d5 2. Nf3 e6 3. c4 Nc6 4. e3 Bb4+ 5. Bd2 Bxd2+ 6. Nbxd2 Nf6 7. Bd3 O-O 8.
O-O Nb4 9. Qe2 Nxd3 10. Qxd3 b6 11. h3 Bb7 12. Qe2 c5 13. Rfd1 Re8 14. Rac1 Rc8
15. a3 h6 16. b4 cxd4 17. exd4 a5 18. c5 axb4 19. axb4 Ne4 20. Nxe4 dxe4 21.
Ne5 Qg5 22. f3 f6 23. Ng4 exf3 24. gxf3 f5 25. f4 Qg6 26. Qd3 Be4 27. Qg3 fxg4
28. hxg4 h5 29. g5 Qf5 30. cxb6 Rxc1 31. Rxc1 Bd5 32. Rc5 Qb1+ 33. Kf2 Qxb4 34.
f5 Qxd4+ 35. Qe3 Qb2+ 36. Ke1 Qxb6 37. Kf1 Qb1+ 38. Kf2 Qxf5+ 39. Kg3 Qg4+ 40.
Kf2 Qg2+ 41. Ke1 h4 42. Rc3 Rf8 43. Qe2 Qg1+ 44. Kd2 Rf2 45. g6 Qg5+ 46. Ke1
Rxe2+ 47. Kxe2 h3 48. Rc8+ Qd8 49. Rxd8# 1-0

[Event "Championnat de France Open B"]
[Site "CALVI"]
[Date "????.??.??"]
[Round "5.1"]
[White "Zara, Ahmed"]
[Black "Geronimi, Paul-Antoine"]
[Result "0-1"]
[WhiteElo "1400"]
[BlackElo "1370"]
[PlyCount "42"]
[EventDate "2005.??.??"]
[SourceDate "2005.04.17"]

1. e4 e5 2. Nf3 Nc6 3. d4 exd4 4. Bc4 Bc5 5. c3 Nf6 6. e5 d5 7. Bb3 Ne4 8. cxd4
Bb6 9. O-O Bg4 10. Nc3 Bxf3 11. Qxf3 Nxd4 12. Qf4 Nxc3 13. bxc3 Ne2+ 14. Kh1
Nxf4 15. Bxf4 O-O 16. Rfe1 Bxf2 17. Re2 Bc5 18. e6 c6 19. Rae1 Be7 20. Rd1 h6
21. c4 fxe6 0-1

[Event "Championnat de France Open B"]
[Site "CALVI"]
[Date "????.??.??"]
[Round "5.2"]
[White "Riedel-Sexer, Gauthier"]
[Black "Bernard, Alien"]
[Result "0-1"]
[WhiteElo "1320"]
[BlackElo "1360"]
[PlyCount "54"]
[EventDate "2005.??.??"]
[SourceDate "2005.04.17"]

1. e4 e5 2. Nf3 Nf6 3. Nxe5 d6 4. Nf3 Nxe4 5. Bc4 d5 6. Bd3 Nf6 7. O-O Be7 8.
Re1 O-O 9. b3 Bg4 10. h3 Bh5 11. c4 Nc6 12. Ne5 Bxd1 13. Nxc6 bxc6 14. Rxd1
dxc4 15. Bxc4 Re8 16. Nc3 Bb4 17. a3 Bxc3 18. Ra2 Be5 19. d3 Bd6 20. Bg5 Qe7
21. d4 h6 22. Be3 Ne4 23. Re1 Qf8 24. Ree2 Nf6 25. Bd2 Rxe2 26. Bxe2 Re8 27.
Be3 Nd5 0-1

[Event "Championnat de France Open B"]
[Site "CALVI"]
[Date "????.??.??"]
[Round "5.3"]
[White "Robinson, Sean"]
[Black "Pivard, Elsa"]
[Result "0-1"]
[WhiteElo "1200"]
[BlackElo "1360"]
[PlyCount "52"]
[EventDate "2005.??.??"]
[SourceDate "2005.04.17"]

1. e4 c6 2. Nf3 d5 3. Nc3 Bg4 4. Be2 e6 5. O-O c5 6. d4 dxe4 7. Nxe4 Bxf3 8.
Bxf3 cxd4 9. Nf6+ Nxf6 10. Bxb7 Nbd7 11. Bxa8 Qxa8 12. Qxd4 Bc5 13. Qd3 O-O 14.
Bg5 Qb8 15. Bxf6 Nxf6 16. b3 Rd8 17. Qc4 Qe5 18. Rae1 Qh5 19. b4 Bd6 20. g3 Ng4
21. h4 Ne5 22. Qd4 Nf3+ 23. Kg2 Nxd4 24. Rd1 Qf3+ 25. Kg1 Ne2+ 26. Kh2 Bxg3+
0-1

[Event "Championnat de France Open B"]
[Site "CALVI"]
[Date "????.??.??"]
[Round "5.4"]
[White "Setiti, Emmanuel"]
[Black "Rouffignac, Tanguy"]
[Result "0-1"]
[WhiteElo "1009"]
[BlackElo "1260"]
[PlyCount "58"]
[EventDate "2005.??.??"]
[SourceDate "2005.04.17"]

1. e4 e5 2. Nf3 Nc6 3. d4 exd4 4. Nxd4 Bc5 5. Nxc6 bxc6 6. Bc4 Nf6 7. Bg5 O-O
8. O-O h6 9. Bh4 d6 10. Nc3 Bg4 11. Qd3 Qe7 12. Rfe1 Rab8 13. b3 Rfd8 14. h3
Bh5 15. Qg3 g5 16. Bxg5 hxg5 17. Qxg5+ Bg6 18. Qh6 Bb4 19. Re3 Qe5 20. a3 Bxc3
21. Rxc3 Qxc3 22. Qxg6+ Kh8 23. Qh6+ Nh7 24. Bxf7 Qxa1+ 25. Kh2 Rd7 26. Bg6 Qg7
27. Qxg7+ Kxg7 28. Bf5 Rf7 29. Bd7 Rxd7 0-1

[Event "Championnat de France Open B"]
[Site "CALVI"]
[Date "????.??.??"]
[Round "5.5"]
[White "Triboulin, Boyann"]
[Black "Paoli, Jerome"]
[Result "1-0"]
[WhiteElo "1420"]
[BlackElo "1140"]
[PlyCount "63"]
[EventDate "2005.??.??"]
[SourceDate "2005.04.17"]

1. e4 e5 2. Nf3 Nc6 3. Nc3 Nf6 4. Bb5 Bc5 5. Nxe5 Nxe5 6. d4 Bb4 7. dxe5 Nxe4
8. Qg4 Nxc3 9. Qxb4 Nd5 10. Qe4 Ne7 11. Bg5 h6 12. Bh4 O-O 13. O-O-O d6 14.
exd6 cxd6 15. Bxe7 Qa5 16. Bxf8 Qxb5 17. Bxd6 Be6 18. Rd4 a5 19. a4 Qb6 20. Bf4
f5 21. Qd3 Rc8 22. Be3 Qc7 23. Bf4 Qf7 24. Rd8+ Rxd8 25. Qxd8+ Kh7 26. Qxa5 Ba2
27. b3 g5 28. Be5 Qe6 29. Kb2 b6 30. Qb5 Bxb3 31. cxb3 Qd7 32. Qxd7+ 1-0

[Event "Championnat de France Poussins"]
[Site "CALVI"]
[Date "????.??.??"]
[Round "7.1"]
[White "Moussard, Jules"]
[Black "Bourgeois, Florian"]
[Result "1-0"]
[WhiteElo "2030"]
[BlackElo "1480"]
[PlyCount "71"]
[EventDate "2005.??.??"]
[SourceDate "2005.04.17"]

1. e4 e6 2. d4 d5 3. Nc3 Bb4 4. Nge2 c5 5. a3 Bxc3+ 6. Nxc3 c4 7. e5 Nc6 8. Be3
Qc7 9. Qd2 a6 10. Be2 Nge7 11. O-O Nf5 12. g4 Nxe3 13. fxe3 O-O 14. Rad1 Qe7
15. e4 dxe4 16. Nxe4 Bd7 17. Rf3 Qh4 18. Qf4 f5 19. exf6 gxf6 20. Nxf6+ Kh8 21.
Rdf1 b5 22. Qd6 Rad8 23. Nxd7 Rg8 24. Rf8 Rdxf8 25. Rxf8 Qe1+ 26. Bf1 Qe3+ 27.
Kh1 Qe4+ 28. Bg2 Qe1+ 29. Rf1 Qe2 30. Qxc6 Rxg4 31. Qf3 Qxf3 32. Rxf3 Rxd4 33.
Nc5 Rd1+ 34. Rf1 Rd2 35. Nxe6 Rxc2 36. Rf8# 1-0

[Event "Championnat de France Poussins"]
[Site "CALVI"]
[Date "????.??.??"]
[Round "7.3"]
[White "Ton-That, Nicolas"]
[Black "Neri, Jean-Baptiste"]
[Result "0-1"]
[WhiteElo "1450"]
[BlackElo "1560"]
[PlyCount "128"]
[EventDate "2005.??.??"]
[SourceDate "2005.04.17"]

1. e4 e6 2. d4 d5 3. Nd2 Nf6 4. e5 Nfd7 5. Bd3 c5 6. c3 Nc6 7. Ne2 cxd4 8. cxd4
f6 9. exf6 Nxf6 10. Nf3 Bd6 11. O-O Qc7 12. Be3 O-O 13. Rc1 a6 14. Ng3 g6 15.
Bh6 Re8 16. Bg5 Qg7 17. Be3 Bd7 18. Qd2 Ng4 19. a3 Rf8 20. h3 Nxe3 21. Qxe3 Bf4
22. Qe2 Bxc1 23. Rxc1 Nxd4 24. Nxd4 Qxd4 25. Rc7 Rad8 26. Rxb7 e5 27. Rb4 Qc5
28. Bxa6 e4 29. Rb3 Rb8 30. Rc3 Qa7 31. Qf1 d4 32. Bc4+ Kh8 33. Rb3 Rxb3 34.
Bxb3 d3 35. Nxe4 Qb7 36. Qxd3 Bf5 37. Qc3+ Qg7 38. Qxg7+ Kxg7 39. Ng5 Rb8 40.
Bc4 Rxb2 41. Ne6+ Bxe6 42. Bxe6 Rb1+ 43. Kh2 Ra1 44. f3 Rxa3 45. Bd5 Kf6 46.
Kg3 Ra5 47. Be4 Ra4 $11 48. Kf4 h5 49. g4 hxg4 50. hxg4 g5+ 51. Kg3 Ke5 52. Bc6
Rb4 53. Ba8 Rb2 54. Be4 Kd4 55. Bf5 Ke3 56. Be4 Rf2 57. Bb7 Rf1 58. Kg2 Ra1 59.
Be4 Kf4 60. Kf2 Ra2+ 61. Ke1 Ke3 62. Kd1 Rb2 63. Bd5 Rb1+ 64. Kc2 Rf1 0-1

[Event "Championnat de France Poussins"]
[Site "CALVI"]
[Date "????.??.??"]
[Round "7.4"]
[White "Lemeille, Francois"]
[Black "Giroyan, Gary"]
[Result "0-1"]
[WhiteElo "1660"]
[BlackElo "1730"]
[PlyCount "80"]
[EventDate "2005.??.??"]
[SourceDate "2005.04.17"]

1. e4 c5 2. Nf3 d6 3. Bb5+ Bd7 4. Bxd7+ Qxd7 5. O-O Nf6 6. Re1 Nc6 7. c3 e6 8.
d4 cxd4 9. cxd4 d5 10. e5 Ne4 11. Nc3 Nxc3 12. bxc3 Be7 13. Bg5 O-O 14. Qd2
Rac8 15. Qf4 Na5 16. Rac1 Nc4 17. Qh4 Bxg5 18. Nxg5 h6 19. Nf3 Nb2 20. Re2 Na4
21. Re3 Qb5 22. g4 f6 23. exf6 Rxf6 24. g5 Rg6 25. Kh1 Qb2 26. Rce1 Rf8 27. Qh5
Qc2 28. Rxe6 Rxe6 29. Rxe6 Qd1+ 30. Kg2 Nxc3 31. gxh6 Ne2 32. Kh3 Nf4+ 33. Kh4
Nxh5 34. h7+ Kh8 35. Ng5 Nf6 36. f3 Qxd4+ 37. Kh3 Qf4 38. Ne4 Qf5+ 39. Kg2 dxe4
40. fxe4 Qxe6 0-1

[Event "Championnat de France Poussins"]
[Site "CALVI"]
[Date "????.??.??"]
[Round "7.5"]
[White "Gros, Alexandre"]
[Black "Martin, Damien"]
[Result "1-0"]
[WhiteElo "1680"]
[BlackElo "1580"]
[PlyCount "143"]
[EventDate "2005.??.??"]
[SourceDate "2005.04.17"]

1. e4 c5 2. c3 e5 3. Nf3 Nc6 4. Bb5 Qc7 5. Bxc6 dxc6 6. d4 cxd4 7. cxd4 exd4 8.
Nxd4 Nf6 9. O-O Bb4 10. Bd2 Bxd2 11. Qxd2 O-O 12. Nc3 Re8 13. f3 Rd8 14. Rfd1
Qd6 15. Qf2 Qc5 16. Nb3 Qxf2+ 17. Kxf2 Be6 18. Nc5 Re8 19. Nxe6 Rxe6 20. Rd2 h6
21. Rad1 Ree8 22. h3 Kh7 23. Ke3 g5 24. Rd6 Kg6 25. f4 Kg7 26. g3 Rac8 27. e5
Nh5 28. Kf3 Rb8 29. Kg4 Nxg3 30. Kxg3 Re7 31. Rd7 Rbe8 32. Rxe7 Rxe7 33. Ne4
Kg6 34. Kg4 f5+ 35. Kf3 fxe4+ 36. Kxe4 gxf4 37. Kxf4 Kh5 38. Kf5 Kh4 39. Kf6
Re8 40. e6 Rf8+ 41. Ke7 Rf1 42. Kd7 Kxh3 43. e7 Rf7 44. Kd8 Rxe7 45. Kxe7 h5
46. Kd7 c5 47. Kc7 b6 48. Kb7 b5 49. Kxa7 c4 50. Kb6 b4 51. Kb5 b3 52. axb3
cxb3 53. Kb4 h4 54. Kxb3 Kg2 55. Kc4 h3 56. b4 h2 57. b5 h1=R 58. Rxh1 Kxh1 59.
b6 Kg2 60. b7 Kf3 61. b8=Q Kg4 62. Qf8 Kg5 63. Qf7 Kg4 64. Qf6 Kh5 65. Qg7 Kh4
66. Qg6 Kh3 67. Qg5 Kh2 68. Qg4 Kh1 69. Kd3 Kh2 70. Ke2 Kh1 71. Kf2 Kh2 72.
Qg2# 1-0